00553nam a2200169Ia 4500008004100000020001800041041000800059082001600067100001900083245003700102250000600139260005100145300001700196650002600213999001900239952012500258210716s2011 xx 000 0 und d a9788120330849 aeng a158.35 SINK aSingh, Kavita. aCounselling skills for managers. a2 aNew DelhibPHI Learning private limited.c2011 axix,271/2015 aCounseling & Coaching c209831d209831 001040708MBAaAIMITbAIMITd2016-10-15g295.00l0o158.35 SINKpMBA12397r2026-05-23 00:00:00v236.00w2021-07-16yBK